| 000 -LEADER |
| fixed length control field |
00347nam a2200145Ia 4500 |
| 008 - FIXED-LENGTH DATA ELEMENTS--GENERAL INFORMATION |
| fixed length control field |
191121s9999||||xx |||||||||||||| ||und|| |
| 082 ## - DEWEY DECIMAL CLASSIFICATION NUMBER |
| Classification number |
Column-5 |
| 100 ## - MAIN ENTRY--PERSONAL NAME |
| Personal name |
National Hydrographic Office |
| 245 #4 - TITLE STATEMENT |
| Title |
The Nautical Almanac 2004 |
| 260 ## - PUBLICATION, DISTRIBUTION, ETC. (IMPRINT) |
| Name of publisher, distributor, etc |
National Hydrographic Office |
| 260 ## - PUBLICATION, DISTRIBUTION, ETC. (IMPRINT) |
| Date of publication, distribution, etc |
2004 |
| 300 ## - PHYSICAL DESCRIPTION |
| Extent |
319 |
| 942 ## - ADDED ENTRY ELEMENTS (KOHA) |
| Item type |
Books |